Μακροοικονομική της παγκόσμιας οικονομίας

Αποθηκεύτηκε σε:
Λεπτομέρειες βιβλιογραφικής εγγραφής
Κύριος συγγραφέας: Καρφάκης, Κωνσταντίνος Ι.
Μορφή: Βιβλίο
Γλώσσα:Greek
Δημοσίευση: Αθήνα : Τζιόλα, c2020.
Θέματα:
Ετικέτες: Προσθήκη ετικέτας
Δεν υπάρχουν, Καταχωρήστε ετικέτα πρώτοι!

MARC

LEADER 00000cam a2200000 a 4500
001 1/120784
008 200203t2020####gr | ||| |||| ||gre||
020 |a 9789604187539   |q (σκληρό εξώφυλλο)  
040 |a GR-MyUa  |b gre  |c GR-MyUa  |e AACR2 
041 0 |a gre 
082 7 |a 339   |2 (23)  
100 1 |a Καρφάκης, Κωνσταντίνος Ι. 
245 1 |a Μακροοικονομική της παγκόσμιας οικονομίας /   |c Κωνσταντίνος Ι. Καρφάκης.  
260 |a Αθήνα :   |b Τζιόλα,   |c c2020.  
300 |a ix, 594 σ. :   |b διαγρ., έγχρ. εικ., πίν. ;   |c 25 εκ.  
504 |a Βιβλιογραφία: σ. 581-587. Ευρετήριο: σ. 589-594.  
650 0 |a Macroeconomics 
650 0 |a Macroeconomics  |x Problems, exercises, etc. 
852 |a INST  |b CHIOS  |c EUDOXUS  |e 20200203  |h 339 ΚΑΡ  |p 005200039222  |q 005200039222  |t EDX  |y 0 
852 |a INST  |b CHIOS  |c EUDOXUS  |e 20200203  |h 339 ΚΑΡ  |p 005200039223  |q 005200039223  |t EDX  |y 0 
852 |a INST  |b CHIOS  |c EUDOXUS  |e 20200203  |h 339 ΚΑΡ  |p 005200039224  |q 005200039224  |t EDX  |y 0 
852 |a INST  |b CHIOS  |c EUDOXUS  |e 20200203  |h 339 ΚΑΡ  |p 005200039225  |q 005200039225  |t EDX  |y 0 
852 |a INST  |b CHIOS  |c EUDOXUS  |e 20200203  |h 339 ΚΑΡ  |p 005200039226  |q 005200039226  |t EDX  |y 0 
920 |a Εύδοξος  |b Παραγγελία  |y Χίος-ΤΔΕ  |z 2020-01 
970 |a Σπέντζα  |b Ελένη  |z 03-02-2020